<?xml version="1.0" encoding="UTF-8"?><?xml-stylesheet type="text/xsl" href="static/style.xsl"?><OAI-PMH xmlns="http://www.openarchives.org/OAI/2.0/" xmlns:xsi="http://www.w3.org/2001/XMLSchema-instance" xsi:schemaLocation="http://www.openarchives.org/OAI/2.0/ http://www.openarchives.org/OAI/2.0/OAI-PMH.xsd"><responseDate>2026-04-27T08:50:52Z</responseDate><request verb="GetRecord" identifier="oai:riubu.ubu.es:10259/11418" metadataPrefix="marc">https://riubu.ubu.es/oai/request</request><GetRecord><record><header><identifier>oai:riubu.ubu.es:10259/11418</identifier><datestamp>2026-02-26T01:05:56Z</datestamp><setSpec>com_10259_3938</setSpec><setSpec>com_10259.4_2477</setSpec><setSpec>com_10259.4_106</setSpec><setSpec>com_10259_2604</setSpec><setSpec>col_10259_11414</setSpec></header><metadata><record xmlns="http://www.loc.gov/MARC21/slim" xmlns:doc="http://www.lyncode.com/xoai" xmlns:xsi="http://www.w3.org/2001/XMLSchema-instance" xmlns:dcterms="http://purl.org/dc/terms/" xsi:schemaLocation="http://www.loc.gov/MARC21/slim http://www.loc.gov/standards/marcxml/schema/MARC21slim.xsd">
<leader>00925njm 22002777a 4500</leader>
<datafield tag="042" ind1=" " ind2=" ">
<subfield code="a">dc</subfield>
</datafield>
<datafield tag="720" ind1=" " ind2=" ">
<subfield code="a">Pérez Miguel, Liliana</subfield>
<subfield code="e">author</subfield>
</datafield>
<datafield tag="260" ind1=" " ind2=" ">
<subfield code="c">2019</subfield>
</datafield>
<datafield tag="520" ind1=" " ind2=" ">
<subfield code="a">Los monasterios y conventos femeninos, fundados en el más temprano periodo virreinal, fueron uno de los primeros y principales instrumentos de la Corona española para el traslado del modelo europeo al Nuevo Mundo. Sin embargo, el particular escenario peruano transformó en gran medida las basesoriginalesdedichasinstituciones.Deestemodo,aunquelasfundaciones en América poseían las mismas disposiciones y normativas que las de la metrópoli, el singular contexto de los nuevos territorios hizo que los nuevos centros religiosos tuvieran que adaptarse a ellos. Así, muchas de estas instituciones ejercieron desde su fundación no sólo una función religiosa, para la que inicialmente habían sido concebidas, sino que tenían también una importancia social, cultural y económica sirviendo, en varias ocasiones, como instrumentos a la Corona para solucionar problemas propios de las circunstancias específicas de este periodo, tales como las guerras de conquista y civiles.</subfield>
</datafield>
<datafield tag="024" ind2=" " ind1="8">
<subfield code="a">978-3-944773-22-3</subfield>
</datafield>
<datafield tag="024" ind2=" " ind1="8">
<subfield code="a">978-3-944773-23-0</subfield>
</datafield>
<datafield tag="024" ind2=" " ind1="8">
<subfield code="a">https://hdl.handle.net/10259/11418</subfield>
</datafield>
<datafield tag="245" ind1="0" ind2="0">
<subfield code="a">Entre normas y particularidades. El caso del Monasterio de la Concepción de la Ciudad de los Reyes (1573–1650)</subfield>
</datafield>
</record></metadata></record></GetRecord></OAI-PMH>